Quizzes
Events
Quiz Creation
Community
Videos
Private Events
Remove Ads
Sign In
Join for FREE
Feedback
Dark Mode
Quiz Categories
Sports
Geography
Music
Movies
Television
Just For Fun
Miscellaneous
History
Literature
Language
Science
Gaming
Entertainment
Religion
Holiday
For Kids
Quiz Lab
Recent
Popular Today
Quiz Kudos Today
Editor Picks
Curator Picks
Quizzes by...
Day
Popularity
Type
Ratings
Length
Year
Community
Subscriptions
Recent Discussions
Orange Saloon
Badges
Playlists
Quests
Create
Leaderboards
Showdown
Live 5
Trivia Bingo
Activity
Puzzle Library
Sporcle Events
Private Events
Virtual Trivia
Globe League
Become a Host
Pub Owners
SporcleCon
Opinionation
Our Games
Videos
Blog
Mobile Apps
Partnerships
Remove Ads and Go Orange
Feedback
Sports
Athletes
MLB
NBA
NHL
NFL
Soccer
Sports Teams
WWE
NCAA
Football
Premier League
Basketball
Baseball
Hockey
Golf
Tennis
Cricket
Rugby
Auto Racing
Olympics
World Cup
Sports
Athletes
MLB
NBA
NHL
NFL
Soccer
Sports Teams
WWE
NCAA
Football
Premier League
Basketball
Baseball
Hockey
Golf
Tennis
Cricket
Rugby
Auto Racing
Olympics
World Cup
Random Quiz
Search Sporcle
×
Quiz Lab
Quiz Lab
Sports
Athletes
Type in answers that appear in a list
Type in answers that appear in a list
Classic
Best Score? Go Orange.
College Athletics Nicknames Stats
Can you name the the names of the following college sports teams?
By
alslammerz
14m
40 Questions
126 Plays
126 Plays
126 Plays
Comments
Comments
Give Quiz Kudos
Give Quiz Kudos
-
- Ratings
hide this ad
Forced Order
Answers have to be entered in order
Answers have to be entered in order
Replay
Link that replays current quiz
Next Quiz
Link to next quiz in quiz playlist
You Got
0%
They Got
Avg Score
20%
Avg Friend Score
Upgrade to see
Score Distribution
Jump to the score distribution portion of the page
Score
0/40
Timer
14:00
0
Plays Today
College Name
Nickname
% Correct
Providence College
Friars
73%
Texas Christian University
Horned Frogs
70.6%
University of Akron
Zips
69%
University of California-
Santa Cruz
Banana Slugs
65.9%
St. Louis University
Billikens
47.6%
Indiana State University
Sycamores
41.3%
University of San Francisco
Dons
39.7%
University of Louisiana at Lafayette
Ragin' Cajuns
35.7%
Campbell University
Camels
29.4%
College of William and Mary
Tribe
27.8%
University of California-
Santa Barbara
Gauchos
26.2%
South Dakota State University
Jackrabbits
23.8%
Furman University
Paladins
22.2%
Tufts University
Jumbos
19.8%
Austin Peay State University
Governors
19%
Stetson University
Hatters
19%
Williams College
Ephs
18.3%
Marist College
Red Foxes
16.7%
Gettysburg College
Bullets
11.9%
Bowdoin College
Polar Bears
11.9%
College Name
Nickname
% Correct
Brandeis University
Judges
11.1%
Amherst College
Lord Jeffs
10.3%
Trinity College (Connecticut)
Bantams
9.5%
Washington and Lee University
Generals
9.5%
Ohio Wesleyan University
Battling Bishops
7.9%
Franklin & Marshall College
Diplomats
7.1%
Whittier College
Poets
7.1%
Indiana University of Pennsylania
Crimson Hawks
6.3%
Pace University
Setters
6.3%
California University of Pennsylvania
Vulcans
6.3%
Washington and Jefferson College
Presidents
5.6%
Wabash College
Little Giants
4.8%
Vassar College
Brewers
3.2%
Concordia College (Bronxville, NY)
Clippers
3.2%
Monmouth College
Fighting Scots
3.2%
Skidmore College
Thoroughbreds
3.2%
Oglethorpe University
Stormy Petrels
2.4%
Earlham College
Hustlin' Quakers
1.6%
California Maritime Academy
Keelhaulers
1.6%
Yeshiva University
Maccabees
1.6%
Quiz Playlist
Details
Report
Send in Message
Add To Playlist
Classic:
Type in answers that appear in a list
Forced Order:
Answers have to be entered in order
Quiz Source
Last Updated: Feb 16, 2017
Quiz Scoreboard
CHALLENGE
Sign Up to Join the Scoreboard
Show All
Scores
Hide
Comments
May contain spoilers
Recently Published
College Basketball Coaching Resumes
by pancakes188
Sports
9m
Billboard Blitz: Fleetwood Mac
by CooCooCachoo
Music
15s
Presidents Visiting Landmarks
by Hejman
History
7m
More to Explore
Quiz From the Vault
Featured Blog Post
Where Did the Easter Bunny Come From?
hide this ad
You Might Also Like...
Tags
Athletes Quiz
College Quiz
nickname
team
Today's Top Quizzes in Sports
Browse Sports
hide this ad
Today's Top Quizzes in Athletes
Browse Athletes
Top Contributed Quizzes in Sports
1
2022 World Cup Stars
2
Les meilleurs buteurs des matchs entre le PSG et l’OM
3
FIFA Club World Cup Champions
4
Les entraîneurs de l'OM et du PSG au 21e siècle
5
Criteria MLB: Left Handed Sluggers
6
AFC Teams Reveal (Wrong Answers Minefield)
7
2023 MLB Unique Player Accomplishments
8
Players with Multiple 50 Home Run Seasons
9
5-to-1: FBS Animal Nicknames
10
5-to-1: UK Sports Teams
Explore More
Trending Topics
Harry Potter
Kpop
Anime
NBA
Crossword
Marvel
Disney
Country
Pokémon
WWE
The Office
Soccer
NFL
Puzzle
Song
hide this ad
More By:
alslammerz
Quiz
Plays
Rating
Category
Featured
Created
College Athletics Nicknames
126
1.00
Sports
Nov 25, 2009
Go to Creator's Profile
Score Distribution
Quiz Creator Spotlight
alslammerz
Follow
Send a Message
Quizzes Created
-
Created Quiz Play Count
-
More By This Creator
Popular Quizzes Today
1
Find the US States - No Outlines Minefield
2
Find the Countries of Europe - No Outlines Minefield
3
The Countries of the World
4
Find the US States
5
Risky Map Clicking: Biggest States A-Z
6
US States
7
Popular People in 1961
8
Movies - When Are They Set?
More Sports Quizzes
NJPW New Japan Cup Winners
Curator's Pick
Trending Quizzes
Risky Map Clicking: Least Populous States A-Z
1-10 Letter G Words
1-10 Letter F Words
Risky Map Clicking: Next State Alphabetically
Risky Map Clicking: Biggest States A-Z
Recently Updated
Leaping Animals
pecheneg
Reality TV Shows (A-Z)
bhenderson79
Rickey Henderson's Hall of Fame Teammates
pecheneg
Champions League XIs: Arsenal
pecheneg
Quick Pick: Celebrities in WWE's Hall of Fame
aduchscher
A-Z Keypad Blitz II
pecheneg
Multiple Oscar Actors
pecheneg
Mystery Phrase Blitz: Oscar 'Best Actors'
pecheneg
F. Scott Fitzgerald Novels
LTH
Pick 3 Villains
ddd62291
Trending Topics
Disney
Harry Potter
Anime
Marvel
Crossword
Kpop
NBA
Country
Soccer
WWE
Song
Pokémon
NFL
Puzzle
The Office
Your Account Isn't Verified!
In order to create a playlist on Sporcle, you need to verify the email address you used during registration. Go to your
Sporcle Settings
to finish the process.
Report this User
Report this user for behavior that violates our
Community Guidelines
.
Details:
Send Report
Go to the Sporcle.com Mobile Site →
Comments